<?xml version="1.0" encoding="UTF-8"?><?xml-stylesheet type="text/xsl" href="static/style.xsl"?><OAI-PMH xmlns="http://www.openarchives.org/OAI/2.0/" xmlns:xsi="http://www.w3.org/2001/XMLSchema-instance" xsi:schemaLocation="http://www.openarchives.org/OAI/2.0/ http://www.openarchives.org/OAI/2.0/OAI-PMH.xsd"><responseDate>2026-04-27T21:42:56Z</responseDate><request verb="GetRecord" identifier="oai:uvadoc.uva.es:10324/60376" metadataPrefix="marc">https://uvadoc.uva.es/oai/request</request><GetRecord><record><header><identifier>oai:uvadoc.uva.es:10324/60376</identifier><datestamp>2023-07-18T19:00:25Z</datestamp><setSpec>com_10324_1145</setSpec><setSpec>com_10324_931</setSpec><setSpec>com_10324_894</setSpec><setSpec>col_10324_1254</setSpec></header><metadata><record xmlns="http://www.loc.gov/MARC21/slim" xmlns:doc="http://www.lyncode.com/xoai" xmlns:xsi="http://www.w3.org/2001/XMLSchema-instance" xmlns:dcterms="http://purl.org/dc/terms/" xsi:schemaLocation="http://www.loc.gov/MARC21/slim http://www.loc.gov/standards/marcxml/schema/MARC21slim.xsd">
<leader>00925njm 22002777a 4500</leader>
<datafield tag="042" ind1=" " ind2=" ">
<subfield code="a">dc</subfield>
</datafield>
<datafield tag="720" ind1=" " ind2=" ">
<subfield code="a">López Torres, Maria Esther</subfield>
<subfield code="e">author</subfield>
</datafield>
<datafield tag="720" ind1=" " ind2=" ">
<subfield code="a">Carril Merino, María Teresa</subfield>
<subfield code="e">author</subfield>
</datafield>
<datafield tag="720" ind1=" " ind2=" ">
<subfield code="a">Miguel Revilla, Diego</subfield>
<subfield code="e">author</subfield>
</datafield>
<datafield tag="720" ind1=" " ind2=" ">
<subfield code="a">Verdú Pérez, María Jesús</subfield>
<subfield code="e">author</subfield>
</datafield>
<datafield tag="720" ind1=" " ind2=" ">
<subfield code="a">Calle Carracedo, María Mercedes de la</subfield>
<subfield code="e">author</subfield>
</datafield>
<datafield tag="260" ind1=" " ind2=" ">
<subfield code="c">2022</subfield>
</datafield>
<datafield tag="520" ind1=" " ind2=" ">
<subfield code="a">The use of social media is now as prevalent as ever, and its educational ramifications still need to be fully explored, especially in initial teacher training. The aim of this study is to analyze social studies prospective teachers’ perceptions regarding the usefulness of social media for teacher professional development, and to generate communication, learning and engagement. This research also has the objective of exploring the effects of an intervention during an academic semester with three different groups of university students, applying a didactic strategy based on the use of Twitter, monitoring the interventions of 122 participants. A quantitative analysis was used to process the information obtained using questionnaires as well as the data obtained using MSocial, a tool for Social Network Analysis (SNA). Results indicate that, while pre-service teachers are not necessarily skeptical of the potential of social media for educational purposes, systematic interventions that promote interaction can positively affect their perception of the usefulness of social media. Results also show that the group where prospective educators interacted among themselves the most using Twitter during the interventions was the one that showed a significant increase in prospective teachers’ perception of the educational potential of social media.</subfield>
</datafield>
<datafield tag="024" ind2=" " ind1="8">
<subfield code="a">Sustainability, 2022, Vol. 14, Nº. 23, 16134</subfield>
</datafield>
<datafield tag="024" ind2=" " ind1="8">
<subfield code="a">2071-1050</subfield>
</datafield>
<datafield tag="024" ind2=" " ind1="8">
<subfield code="a">https://uvadoc.uva.es/handle/10324/60376</subfield>
</datafield>
<datafield tag="024" ind2=" " ind1="8">
<subfield code="a">10.3390/su142316134</subfield>
</datafield>
<datafield tag="024" ind2=" " ind1="8">
<subfield code="a">16134</subfield>
</datafield>
<datafield tag="024" ind2=" " ind1="8">
<subfield code="a">23</subfield>
</datafield>
<datafield tag="024" ind2=" " ind1="8">
<subfield code="a">Sustainability</subfield>
</datafield>
<datafield tag="024" ind2=" " ind1="8">
<subfield code="a">14</subfield>
</datafield>
<datafield tag="024" ind2=" " ind1="8">
<subfield code="a">2071-1050</subfield>
</datafield>
<datafield ind1=" " ind2=" " tag="653">
<subfield code="a">Education</subfield>
</datafield>
<datafield ind1=" " ind2=" " tag="653">
<subfield code="a">Social Sciences</subfield>
</datafield>
<datafield ind1=" " ind2=" " tag="653">
<subfield code="a">Methodology of the Social Sciences</subfield>
</datafield>
<datafield ind1=" " ind2=" " tag="653">
<subfield code="a">Ciencias Sociales</subfield>
</datafield>
<datafield ind1=" " ind2=" " tag="653">
<subfield code="a">Ciencias sociales - Metodología</subfield>
</datafield>
<datafield ind1=" " ind2=" " tag="653">
<subfield code="a">Teaching and Teacher Education</subfield>
</datafield>
<datafield ind1=" " ind2=" " tag="653">
<subfield code="a">Docentes - Formación</subfield>
</datafield>
<datafield ind1=" " ind2=" " tag="653">
<subfield code="a">Social media</subfield>
</datafield>
<datafield ind1=" " ind2=" " tag="653">
<subfield code="a">Medios de comunicación social</subfield>
</datafield>
<datafield ind1=" " ind2=" " tag="653">
<subfield code="a">Twitter</subfield>
</datafield>
<datafield ind1=" " ind2=" " tag="653">
<subfield code="a">Redes sociales (Internet)</subfield>
</datafield>
<datafield ind1=" " ind2=" " tag="653">
<subfield code="a">Teachers - Training of</subfield>
</datafield>
<datafield ind1=" " ind2=" " tag="653">
<subfield code="a">Docentes - Capacitación</subfield>
</datafield>
<datafield tag="245" ind1="0" ind2="0">
<subfield code="a">Twitter in initial teacher training: Interaction with social media as a source of teacher professional development for social studies prospective educators</subfield>
</datafield>
</record></metadata></record></GetRecord></OAI-PMH>